Statystyki dla Kraje produkujące kawe

Kliknij tutaj aby rozwiązać quiz!

Ogólne statystyki

  • Ten quiz został rozwiązany 23 razy
  • Średni wynik to 14 z 22

Statystyki odpowiedzi

Tony metrycznePaństwo% Poprawnych
3 920 000Brazylia
100%
342 000Indie
90%
858 000Kolumbia
90%
240 000Meksyk
85%
46 500Kenia
80%
228 000Peru
80%
30 000Wenezuela
75%
30 000Ekwador
70%
443 000Etiopia
65%
30 000Tajlandia
65%
744 000Indonezja
60%
36 000Laos
60%
1 740 000Wietnam
60%
225 000Gwatemala
55%
87 000Kostaryka
55%
366 000Honduras
50%
54 000Tanzania
50%
337 000Uganda
50%
159 000Nikaragua
45%
36 000Salwador
40%
40 500Papua Nowa-Gwinea
25%
107 000Wybrzeże Kości Słoniowej
20%

Rozkład punktacji

Percentyl według liczby udzielonych odpowiedzi

Procent ludzi z każdym wynikiem

Twoja historia wyników

Nie rozwiązałeś tego quizu